000 01581cam a2200205 4500500
005 20260405012538.0
041 _afre
042 _adc
100 1 0 _aFestinger, Léon
_eauthor
700 1 0 _aBronner, Gérald
_eauthor
700 1 0 _aW. riecken, Henry
_eauthor
700 1 0 _aRiecken, Henry W.
_eauthor
700 1 0 _aSchachter, Stanley
_eauthor
700 1 0 _aMayoux, Sophie
_eauthor
700 1 0 _aRozenberg, Paul
_eauthor
245 0 0 _aL'échec d'une prophétie
260 _bPresses Universitaires de France,
_c2022.
520 _aTrès nombreuses sont les religions et les sectes qui prédisent la fin du monde. Mais comment réagit une collectivité humaine lorsque sa croyance est démentie par la réalité ? Trois spécialistes en psychologie sociale ont suivi le parcours d’une secte persuadée de l’imminence de la fin du monde, prévue à une date précise, et qui s’y prépare avec la certitude que ses fidèles seront sauvés par une intervention extraterrestre. De toute évidence, la prophétie devait échouer. Et les membres de la secte se trouver face à l’échec de la prophétie. La théorie de la dissonance cognitive, qui sert de fil conducteur à cette recherche, nous explique pourquoi, au lieu de renoncer à leur croyance, comme le voudrait la logique, les fidèles continuent au contraire à la répandre et font des prosélytes afin de trouver auprès d’eux la confirmation que la réalité leur a refusée.
856 4 1 _uhttps://shs.cairn.info/l-echec-d-une-prophetie--9782130834182?lang=fr&redirect-ssocas=7080
999 _c2103390
_d2103390